| 000 | 00485nam a2200169 a 4500 | ||
|---|---|---|---|
| 001 | 000012947 | ||
| 005 | 20240412074236.0 | ||
| 008 | 091118s1986 dr r 000 0 spa d | ||
| 040 |
_aDO-SdBNP _bspa _cBNPHU |
||
| 082 |
_aRD863.44 _bR696c |
||
| 100 | 1 |
_aRodríguez, José _923002 |
|
| 245 | 1 | 0 |
_aCabos sueltos / _cJosé Rodríguez. |
| 260 |
_aSanto Domingo : _bTele-3, _c1986. |
||
| 300 |
_a319 p. ; _c21 cm. |
||
| 650 | 0 |
_aCuentos dominicanos _9176 |
|
| 650 | 0 |
_aLiteratura dominicana. _967 |
|
| 999 |
_c12595 _d12595 |
||